Statistiques concernant Les Donjons d'A Link Between Worlds

Cliquez ici pour prendre le quiz!

Statistiques générales

  • Ce quiz a été pris 6 fois
  • Le résultat moyen est 7 sur 12

Statistiques - réponses

MondeNom du donjon% Correct
LorulePalais du Désert
83%
LoruleChâteau de Lorule
67%
HyruleChâteau d'Hyrule
67%
LoruleRuines de Glace
67%
HyruleTour d'Héra
67%
HyruleDemeure des Vents
50%
LoruleForêt des Squelettes
50%
HyrulePalais de l'Est
50%
LorulePalais des Ténèbres
50%
LorulePalais du Marais
50%
LoruleRepaire des Bandits
50%
LoruleRocher de la Tortue
50%

Distribution des résultats

Percentile par nombre de réponses

% des personnes avec chaque résultat

Votre développement - résultats

Vous n’avez pas pris ce quiz